Amelia Booth

Сохранить в:
Библиографические подробности
Главный автор: Fielding, Henry (Автор)
Формат:
Язык:испанский
Опубликовано: Barcelona Seix Barral 1968
Серии:Biblioteca Breve de Bolsillo
Предметы:
Метки: Добавить метку
Нет меток, Требуется 1-ая метка записи!

MARC

LEADER 00000nam a2200000 a 4500
001 UCQ3843
003 CL-VaPUC
008 980828e19680000SP |||||||||||||||||spa|d
082 0 4 |a 823  |b FIE  |2 21 
100 0 |a Fielding, Henry  |e author  |9 321128 
245 1 0 |a Amelia Booth 
300 |a 534 p 
942 |c BK 
945 |d 19980828 00:00:00  |a crobeson 
260 |a Barcelona  |b Seix Barral  |c 1968 
650 0 |a Novelas inglesas  |9 265220 
650 0 |a Literatura inglesa  |9 312907 
583 |a last modification  |c 19980828 00:00:00  |k Rodrigo Vera 
490 0 |a Biblioteca Breve de Bolsillo 
999 |c 274355  |d 274353 
952 |0 0  |1 0  |4 0  |6 823_000000000000000_FIE_1968  |7 0  |8 A  |9 310507  |a BIBEDU  |b BIBEDU  |d 2019-11-20  |i 1458876  |o 823 FIE 1968  |p 1458876  |r 2019-11-20  |w 2019-11-20  |y BK  |k LIT